Some remarks concerning the use of photogrammetry for the measurement of deformation (Record no. 88104)
[ view plain ]
| 000 -LEADER | |
|---|---|
| fixed length control field | 00550cam a2200169 4500 |
| 001 - CONTROL NUMBER | |
| control field | D10444 |
| 008 - FIXED-LENGTH DATA ELEMENTS--GENERAL INFORMATION | |
| fixed length control field | 090401t xxu||||| |||| 00| 0 eng d |
| 035 ## - SYSTEM CONTROL NUMBER | |
| System control number | (Sirsi) u21993 |
| 041 ## - LANGUAGE CODE | |
| Language code of text/sound track or separate title | eng |
| 050 ## - LIBRARY OF CONGRESS CALL NUMBER | |
| Classification number | 526.982 |
| 100 ## - MAIN ENTRY--PERSONAL NAME | |
| Personal name | Cooper, M. A. R. |
| 245 ## - TITLE STATEMENT | |
| Title | Some remarks concerning the use of photogrammetry for the measurement of deformation |
| 350 ## - PRICE (NR) (BK AM CF MU VM SE) [OBSOLETE] | |
| Price | 0 |
| 520 ## - SUMMARY, ETC. | |
| Summary, etc. | In RICS Land Surveyors` Division. Measurement and analysis of structural deformations. One-day seminar (at RICS) 27 October 1983. 1983/59A |
| 942 ## - ADDED ENTRY ELEMENTS (KOHA) | |
| Suppress in OPAC | 0 |
| 948 ## - LOCAL PROCESSING INFORMATION (OCLC); SERIES PART DESIGNATOR (RLIN) | |
| c (OCLC) | 04/03/1997 |
| Withdrawn status | Lost status | Source of classification or shelving scheme | Damaged status | Not for loan | Home library | Current library | Shelving location | Date acquired | Total Checkouts | Full call number | Barcode | Date last seen | Copy number | Price effective from | Koha item type |
|---|---|---|---|---|---|---|---|---|---|---|---|---|---|---|---|
| Other/Generic Classification Scheme | London | London | RICS Boxes | 08/01/1992 | RICS 1983/59 | 30024880 | 06/08/2019 | 1 | 06/08/2019 | Archive | |||||
| Other/Generic Classification Scheme | London | London | RICS Boxes | 14/04/2005 | RICS 1983/59 | 30070508 | 06/08/2019 | 2 | 06/08/2019 | Reference material |